Vocabulaire Anglais "Working conditions" #2 - Statistiques

Statistiques générales
  • Ce quiz a été pris 16 fois
  • Le résultat moyen est 3 sur 15
Statistiques - réponses
Hint Réponse % Correct
harcèlement bullying
80%
charge de travail workload
47%
télétravail teleworking
40%
épuisement burnout
27%
travail des enfants child labour
27%
équilibre vie professionnel/personnelle work-life balance
27%
se plaindre de to complain about
20%
avantages sociaux perks
13%
avantages en natures benefits
7%
être surchargé to be overloaded
7%
travail de bureau clerical work
0%
horaires flexibles flexitimes
0%
emplois mal payés low paid jobs
0%
être en arrêt maladie to be on a sick leave
0%
horaires de travail workings hours
0%
Aucun quiz correspondant
Distribution des résultats
% des personnes avec chaque résultat
Percentile par nombre de réponses
Votre historique - résultats
Vous n’avez pas pris ce quiz